Подробности
| 000 -МАРКЕР |
| контрольное поле |
02838nam0a2200409 4500 |
| 001 - ИДЕНТИФИКАТОР ЗАПИСИ |
| контрольное поле |
RU\NLR\bibl\1816355 |
| 005 - ИДЕНТИФИКАТОР ВЕРСИИ |
| контрольное поле |
20260409000137.0 |
| 010 ## - МЕЖДУНАРОДНЫЙ СТАНДАРТНЫЙ НОМЕР КНИГИ (ISBN) |
| Номер (ISBN) |
978-5-86793-903-8 |
| Тираж |
1000 |
| 021 ## - НОМЕР ГОСУДАРСТВЕННОЙ РЕГИСТРАЦИИ |
| Код страны |
Российская Федерация |
| Номер |
2011-68623 |
| Номер Листа государственной регистраци |
4844 |
| 035 ## - ДРУГИЕ СИСТЕМНЫЕ НОМЕРА |
| Идентификатор записи |
(NLR Aleph) 001806935 |
| 100 ## - ДАННЫЕ ОБЩЕЙ ОБРАБОТКИ |
| Данные общей обработки |
20110930d2011 |||y0rusy50 ca |
| 101 0# - ЯЗЫК РЕСУРСА |
| Язык текста, звукозаписи и т.д. |
русский |
| Язык резюме |
английский |
| 102 ## - СТРАНА ПУБЛИКАЦИИ ИЛИ ПРОИЗВОДСТВА |
| Страна публикации |
Российская Федерация |
| 105 ## - ПОЛЕ КОДИРОВАННЫХ ДАННЫХ: ТЕКСТОВЫЕ МАТЕРИАЛЫ, МОНОГРАФИЧЕСКИЕ |
| Кодированные данные о монографическом текстовом документе |
a ||||||||| |
| 200 1# - ЗАГЛАВИЕ И СВЕДЕНИЯ ОБ ОТВЕТСТВЕННОСТИ |
| Основное заглавие |
Русский Бертольдо |
| Сведения, относящиеся к заглавию |
судьба итальянского комического романа в России XVIII века: рукописи, издания, читатели |
| Первые сведения об ответственности |
Г.А. Космолинская |
| Последующие сведения об ответственности |
Науч. центр исслед. истории кн. культуры при Академиздате "Наука" РАН, Науч. б-ка МГУ им. М.В. Ломоносова |
| 210 ## - ПУБЛИКАЦИЯ, РАСПРОСТРАНЕНИЕ И ДР. |
| Место издания, распространения и т.д. |
Москва |
| Имя издателя, распространителя и т. д. |
Новое литературное обозрение |
| Дата издания, распространения и т.д. |
2011 |
| 215 ## - ФИЗИЧЕСКАЯ ХАРАКТЕРИСТИКА |
| Специфическое обозначение материала и объем |
294 с. |
| Другие сведения о физической характеристике |
ил. |
| Размеры |
22 |
| 225 1# - СЕРИЯ |
| Основное заглавие серии |
Научная библиотека |
| 225 1# - СЕРИЯ |
| Основное заглавие серии |
Новое литературное обозрение |
| Наименование части |
Научное приложение |
| Обозначение тома |
вып. 190 |
| 300 ## - ОБЩИЕ ПРИМЕЧАНИЯ |
| Текст примечания |
Рез. на англ. яз. |
| 320 ## - ПРИМЕЧАНИЯ О НАЛИЧИИ В ДОКУМЕНТЕ БИБЛИОГРАФИИ / УКАЗАТЕЛЯ |
| Текст примечания |
Библиогр.: с. 272-278 |
| 320 ## - ПРИМЕЧАНИЯ О НАЛИЧИИ В ДОКУМЕНТЕ БИБЛИОГРАФИИ / УКАЗАТЕЛЯ |
| Текст примечания |
Имен. указ.: с. 283-291 |
| 327 1# - ПРИМЕЧАНИЯ О СОДЕРЖАНИИ |
| Текст примечания |
Кн. посвящена судьбе романа "Хитроумные проделки Бертольдо" Джулиана Чезаре Кроче. В кн. также: Хитрости Бертолдовы: текст: русский перевод 1740-х годов (рукопись Библиотеки МГУ) |
| 464 #0 - АНАЛИТИЧЕСКИЙ УРОВЕНЬ |
| Встроенное поле |
2001#$aХитрости Бертолдовы$eтекст$eрусский перевод 1740-х годов (рукопись Библиотеки МГУ) |
| Заглавие |
Хитрости Бертолдовы |
| 500 ## - УНИФИЦИРОВАННОЕ ЗАГЛАВИЕ |
| Унифицированное заглавие |
Бертольдо |
| Идентификатор авторитетной / нормативной записи |
RU\NLR\auth\5510806 |
| Системный номер авторитетной/нормативной записи |
2632806 |
| 604 ## - ИМЯ И ЗАГЛАВИЕ КАК ПРЕДМЕТ |
| Связываемые данные |
700#1$aКроче$bД. Ч.$gДжулио Чезаро$f1550 - 1609 |
| -- |
50010$a"Хитроумные проделки Бертольдо"$xПереводы на русский язык$2nlr_sh2$3RU\NLR\AUTH\661563384 |
| Имя лица |
Кроче, Джулио Чезаро (1550 - 1609) |
| Заглавие |
"Хитроумные проделки Бертольдо" |
| Тематический подзаголовок |
Переводы на русский язык |
| Системный номер авторитетной/нормативной записи |
2626824 |
| Идентификатор авторитетной/нормативной записи |
RU\NLR\AUTH\661563384 |
| 606 1# - НАИМЕНОВАНИЕ ТЕМЫ КАК ПРЕДМЕТ |
| Наименование темы |
Русская литература |
| Тематический подзаголовок |
Связи |
| -- |
Итальянская литература |
| Хронологический подзаголовок |
18 в. |
| Системный номер авторитетной/нормативной записи |
2626836 |
| Идентификатор авторитетной/нормативной записи |
RU\NLR\auth\661563396 |
| 686 ## - ИНДЕКСЫ ДРУГИХ КЛАССИФИКАЦИЙ |
| Индекс |
Ш5(2=Р)4-318.3 |
| 686 ## - ИНДЕКСЫ ДРУГИХ КЛАССИФИКАЦИЙ |
| Индекс |
Ш5(4Ит)43-4Кроче418.37 |
| 700 #1 - ИМЯ ЛИЦА - ПЕРВИЧНАЯ ОТВЕТСТВЕННОСТЬ |
| Начальный элемент ввода |
Космолинская |
| Часть имени, кроме начального элемента ввода |
Г. А. |
| Расширение инициалов личного имени |
Галина Александровна |
| Код отношения |
Автор |
| 702 #1 - ИМЯ ЛИЦА - ВТОРИЧНАЯ ОТВЕТСТВЕННОСТЬ |
| Код отношения |
Прочие |
| Материалы, к которым относится поле |
rus |
| Графика поля |
Кириллица |
| Начальный элемент ввода |
Кроче |
| Часть имени, кроме начального элемента ввода |
Д. Ч. |
| Даты |
1550-1609 |
| Расширение инициалов личного имени |
Джулио Чезаре |
| Идентификатор авторитетной/нормативной записи |
RU\NLR\auth\77104033 |
| Системный номер авторитетной/нормативной записи |
86958 |
| 801 #0 - ИСТОЧНИК ЗАПИСИ |
| Страна |
Российская Федерация |
| Организация |
NLR |
| Дата составления |
20110930 |
| Правила каталогизации |
RCR |
| 801 #1 - ИСТОЧНИК ЗАПИСИ |
| Страна |
Российская Федерация |
| Организация |
NLR |
| Дата составления |
20110930 |
| 942 ## - ДОПОЛНИТЕЛЬНЫЕ ЭЛЕМЕНТЫ ЗАПИСИ (АБИС) |
| Тип экземпляра АБИС |
Книга |
| 980 ## - КОЛЛЕКЦИЯ |
| Название коллекции |
Национальная библиография |
| 980 ## - КОЛЛЕКЦИЯ |
| Название коллекции |
НБР |